[Event "ICS Rated blitz match"]
[Site "204.178.125.65"]
[Date "2000.11.23"]
[Round "?"]
[White "Hossa"]
[Black "PostModernist"]
[Result "1/2-1/2"]
[WhiteElo "2523"]
[BlackElo "2584"]
[PlyCount "134"]
[EventDate "2000.??.??"]

1. e4 c5 2. Nf3 g6 3. d4 Bg7 4. Nc3 cxd4 5. Nxd4 Nc6 6. Be3 Nf6 7. Nxc6 bxc6 8.
e5 Ng8 9. f4 Nh6 10. Bc5 f6 11. exf6 Bxf6 12. Be2 d6 13. Bd4 O-O 14. O-O Bf5
15. Rc1 Bxd4+ 16. Qxd4 Qb6 17. Qxb6 axb6 18. h3 b5 19. a3 Bd7 20. g4 Nf7 21.
Kh2 Rfb8 22. Ne4 b4 23. Rf3 Nd8 24. Rcf1 Ne6 25. Re3 Nd4 26. Bc4+ d5 27. Nc5
Bxg4 28. hxg4 dxc4 29. a4 c3 30. bxc3 Nxc2 31. Rxe7 bxc3 32. f5 gxf5 33. gxf5
Re8 34. Rc7 Re2+ 35. Kg3 Rf8 36. f6 Ne3 37. f7+ Kh8 38. Kf3 Nxf1 39. Kxe2 c2
40. Nb3 Ng3+ 41. Kd3 Kg7 42. Rxc6 Rxf7 43. Rxc2 h5 44. Nc5 Rf3+ 45. Kc4 Nf5 46.
Rh2 Rf4+ 47. Kd5 Ne7+ 48. Ke6 Ng6 49. a5 h4 50. a6 Rf6+ 51. Kd5 Rf1 52. Ra2
Rd1+ 53. Kc6 Ne7+ 54. Kb7 Rb1+ 55. Kc7 Rc1 56. a7 Rxc5+ 57. Kd6 Rc8 58. Kxe7
Kg6 59. Ke6 h3 60. Kd5 Ra8 61. Ke5 Kg5 62. Ke4 h2 63. Rg2+ Kf6 64. Rf2+ Kg6 65.
Rg2+ Kf6 66. Rf2+ Kg6 67. Rg2+ Kf6 {Game drawn by repetition} 1/2-1/2

[Event "ICS rated blitz match"]
[Site "204.178.125.65"]
[Date "2000.11.23"]
[Round "?"]
[White "cfd"]
[Black "Hossa"]
[Result "1-0"]
[WhiteElo "2161"]
[BlackElo "2526"]
[PlyCount "133"]
[EventDate "2000.??.??"]

1. d4 d5 2. e3 Nf6 3. Bd3 c5 4. c3 c4 5. Bc2 e6 6. f4 Bd6 7. Nf3 b5 8. Nbd2 b4
9. O-O bxc3 10. bxc3 Bb7 11. Ne5 Qc7 12. g4 a5 13. Qf3 a4 14. g5 Nfd7 15. Qh5
g6 16. Bxg6 fxg6 17. Nxg6 Nf6 18. gxf6 Rg8 19. Nf3 Rxg6+ 20. Kh1 Qf7 21. Ng5
Qxf6 22. Nxh7 Qf5 23. Ng5 Nc6 24. Bd2 Rb8 25. Rab1 Be7 26. h4 Bd6 27. Rg1 Ne7
28. Rb6 Bc6 29. Rxb8+ Bxb8 30. Qg4 Qc2 31. Rg2 Qb1+ 32. Kh2 Qxa2 33. h5 Rg7 34.
h6 Rg8 35. Qh5+ Kd7 36. h7 Rh8 37. Nf7 Rxh7 38. Qxh7 Qb2 39. Be1 Qa3 40. Bh4
Bc7 41. Ne5+ Bxe5 42. fxe5 Kc7 43. Qxe7+ Qxe7 44. Bxe7 Be8 45. Ba3 Kc8 46. Kg3
Kb7 47. Kf4 Kc6 48. Kg5 Kb6 49. Rh2 Bd7 50. Rh7 Kc6 51. Rxd7 Kxd7 52. Kf6 Kc7
53. Kxe6 Kc6 54. Kf6 Kd7 55. e6+ Kd8 56. Ke5 Ke8 57. Kxd5 Kd8 58. Kd6 Ke8 59.
e7 Kf7 60. Kd7 Kg6 61. e8=Q+ Kf6 62. Qe5+ Kg6 63. Qf4 Kh5 64. Qg3 Kh6 65. Ke7
Kh7 66. Kf7 Kh8 67. Qg7# {Hossa checkmated} 1-0

[Event "ICS rated blitz match"]
[Site "204.178.125.65"]
[Date "2000.11.23"]
[Round "?"]
[White "Hossa"]
[Black "cfd"]
[Result "1-0"]
[WhiteElo "2497"]
[BlackElo "2190"]
[PlyCount "107"]
[EventDate "2000.??.??"]

1. e4 d6 2. d4 e5 3. dxe5 dxe5 4. Qxd8+ Kxd8 5. Bc4 Be6 6. Bxe6 fxe6 7. Be3 Bd6
8. Nd2 Nf6 9. O-O-O Nc6 10. f3 Ke7 11. Nh3 h6 12. Nf2 Rhd8 13. Kb1 Rd7 14. Nd3
Rad8 15. g3 a6 16. h4 Kf7 17. g4 Nb4 18. Nf2 Be7 19. g5 Ng8 20. Rhg1 h5 21. Nb3
Rxd1+ 22. Rxd1 Rxd1+ 23. Nxd1 b6 24. a4 Bd6 25. a5 b5 26. Bf2 Ne7 27. Bg3 Nbc6
28. c3 Ng6 29. Ne3 Nf4 30. Kc2 g6 31. Kd2 Ke7 32. Nc2 Kd7 33. Ne1 Ne7 34. Nd3
Nc6 35. Ndc5+ Bxc5 36. Nxc5+ Kd6 37. Nb7+ Kd7 38. b4 Nb8 39. Bxf4 exf4 40. e5
Kc6 41. Nc5 Kd5 42. Nd3 Nd7 43. Nxf4+ Kxe5 44. Nxg6+ Kf5 45. Ne7+ Kf4 46. g6
Kxf3 47. g7 Nf6 48. g8=R Nxg8 49. Nxg8 Kg4 50. c4 c6 51. Ne7 bxc4 52. Nxc6 Kxh4
53. b5 axb5 54. a6 {cfd resigns} 1-0

[Event "ICS rated blitz match"]
[Site "204.178.125.65"]
[Date "2000.11.23"]
[Round "?"]
[White "cfd"]
[Black "Hossa"]
[Result "0-1"]
[WhiteElo "2185"]
[BlackElo "2502"]
[PlyCount "22"]
[EventDate "2000.??.??"]

1. d4 Nf6 2. e3 g6 3. b3 Bg7 4. Bb2 O-O 5. Nf3 d6 6. c4 Na6 7. Nc3 c5 8. d5 Ne4
9. Qc2 Qa5 10. Rc1 Bf5 11. Bd3 Nb4 {cfd resigns} 0-1

[Event "ICS rated blitz match"]
[Site "204.178.125.65"]
[Date "2000.11.23"]
[Round "?"]
[White "LOGISTIC"]
[Black "Hossa"]
[Result "0-1"]
[WhiteElo "1943"]
[BlackElo "2506"]
[PlyCount "108"]
[EventDate "2000.??.??"]

1. d4 Nf6 2. Nf3 d5 3. g3 e6 4. Bg2 Be7 5. O-O O-O 6. c4 dxc4 7. Nbd2 Qd5 8. e3
Qh5 9. Nxc4 Rd8 10. Nfe5 Qxd1 11. Rxd1 Na6 12. a3 Nc5 13. Bf3 Nb3 14. Rb1 g6
15. Bd2 Nxd2 16. Rxd2 Bf8 17. b4 Bg7 18. Rc2 Nd5 19. Rbc1 c6 20. h4 f6 21. Nd3
Bf8 22. h5 Nb6 23. Ncb2 gxh5 24. Bxh5 Bd6 25. Kg2 e5 26. dxe5 fxe5 27. Nc5 a5
28. Nc4 Nxc4 29. Rxc4 axb4 30. axb4 b6 31. Ne4 Be7 32. Bf3 Bd7 33. Nc3 b5 34.
Re4 Bf6 35. Rg4+ Bxg4 36. Bxg4 Be7 37. Ne4 Ra4 38. Rxc6 Rxb4 39. Bf5 Rf8 40. g4
Rxf5 41. gxf5 Rxe4 42. Kf3 Rb4 43. Re6 Bh4 44. Rxe5 Rb2 45. Kg4 Bxf2 46. e4 Kf7
47. Rd5 Ke7 48. e5 Rb4+ 49. Kh5 Rf4 50. Kg5 Be3 51. f6+ Ke6 52. Rd3 Re4+ 53.
Kh5 Rxe5+ 54. Kg4 Kxf6 {LOGISTIC resigns} 0-1

[Event "ICS Rated blitz match"]
[Site "204.178.125.65"]
[Date "2000.11.23"]
[Round "?"]
[White "Hossa"]
[Black "Dorky"]
[Result "1-0"]
[WhiteElo "2507"]
[BlackElo "2420"]
[PlyCount "148"]
[EventDate "2000.??.??"]

1. e4 e5 2. Nf3 Nc6 3. Bb5 a6 4. Ba4 d6 5. O-O Bd7 6. c3 Nf6 7. d4 Nxe4 8. dxe5
Nxe5 9. Nxe5 dxe5 10. Re1 Nd6 11. Bxd7+ Kxd7 12. Rxe5 f6 13. Rd5 Kc8 14. c4 Qe8
15. b4 c6 16. Rd2 f5 17. c5 Ne4 18. Rd4 a5 19. Be3 axb4 20. Rxb4 Nxc5 21. Nd2
Ne6 22. Rb3 f4 23. Bb6 Qd7 24. Qc2 Nd4 25. Bxd4 Qxd4 26. Rab1 Ra7 27. Qf5+ Kb8
28. Nf3 Qd5 29. Ne5 Bc5 30. Qxf4 Ka8 31. Nd3 Rd8 32. a4 Bd6 33. Qh4 g5 34. Qxh7
b5 35. Qg6 bxa4 36. Rc3 a3 37. Qf6 Re7 38. Rcb3 a2 39. Qa1 Ra7 40. R1b2 Be5 41.
Rb7 Rxb7 42. Rxa2+ Kb8 43. Qe1 Bxh2+ 44. Kxh2 Rh7+ 45. Kg3 Qxa2 46. Ne5 Kb7 47.
Qc1 Qd5 48. Qb1+ Ka8 49. Qa1+ Ra7 50. Qc3 Ra2 51. Qxc6+ Qxc6 52. Nxc6 Rg8 53.
f3 Rf8 54. Nb4 Ra3 55. Nc6 Rc8 56. Nd4 Rd3 57. Ne6 Rcc3 58. Nxg5 Rc2 59. Kh3
Rdd2 60. g3 Rh2+ 61. Kg4 Rcg2 62. Kf4 Rh3 63. Nxh3 Rh2 64. Ng5 Rh5 65. Ne4 Ra5
66. Nf2 Ra7 67. Ke5 Re7+ 68. Kd4 Rd7+ 69. Ke3 Re7+ 70. Ne4 Rf7 71. Nd6 Rg7 72.
Nf5 Rf7 73. g4 Re7+ 74. Nxe7 Ka7 {Dorky resigns} 1-0

[Event "ICS rated blitz match"]
[Site "204.178.125.65"]
[Date "2000.11.23"]
[Round "?"]
[White "LOGISTIC"]
[Black "Hossa"]
[Result "0-1"]
[WhiteElo "1974"]
[BlackElo "2519"]
[PlyCount "48"]
[EventDate "2000.??.??"]

1. d4 Nf6 2. Nf3 d5 3. c4 c6 4. Nc3 dxc4 5. a4 Bf5 6. e3 e6 7. Bxc4 Bb4 8. O-O
O-O 9. Bd2 Nbd7 10. Nh4 Bg4 11. f3 Bh5 12. g3 Nb6 13. Bb3 c5 14. Ne2 Bxd2 15.
Qxd2 cxd4 16. Qxd4 Qe7 17. a5 Rfd8 18. Qe5 Nbd7 19. Qg5 Qb4 20. Ba4 Nc5 21. Qf4
Qxb2 22. Nd4 Nd3 23. Qg5 Rd5 24. Rab1 Rxg5 {LOGISTIC resigns} 0-1

[Event "ICS rated blitz match"]
[Site "204.178.125.65"]
[Date "2000.11.23"]
[Round "?"]
[White "Hossa"]
[Black "Didy"]
[Result "1-0"]
[WhiteElo "2520"]
[BlackElo "1994"]
[PlyCount "45"]
[EventDate "2000.??.??"]

1. c4 g6 2. d4 Bg7 3. e4 d6 4. Nf3 Nh6 5. Bd3 O-O 6. O-O f5 7. Nc3 e6 8. Bg5
Qe8 9. e5 dxe5 10. Nb5 Na6 11. Bxh6 Bxh6 12. Nxe5 Bg7 13. Re1 c6 14. Nd6 Qe7
15. c5 Nc7 16. Bc4 Nd5 17. Bxd5 cxd5 18. Qb3 f4 19. Re2 Rb8 20. Rae1 Bd7 21.
Nxd7 Qxd7 22. Rxe6 Bxd4 23. Qxd5 {Didy resigns} 1-0

[Event "ICS rated blitz match"]
[Site "204.178.125.65"]
[Date "2000.11.23"]
[Round "?"]
[White "bescientific"]
[Black "Hossa"]
[Result "0-1"]
[WhiteElo "2065"]
[BlackElo "2521"]
[PlyCount "76"]
[EventDate "2000.??.??"]

1. e4 e5 2. Nf3 Nc6 3. Bb5 a6 4. Bxc6 dxc6 5. O-O f6 6. d4 exd4 7. Nxd4 c5 8.
Nb3 Qxd1 9. Rxd1 Bg4 10. f3 Bd7 11. Be3 b6 12. Nc3 O-O-O 13. Nd5 Ne7 14. a4
Nxd5 15. exd5 Bf5 16. Rd2 c4 17. Nc1 Re8 18. Kf2 Bb4 19. c3 Bd6 20. g3 Re5 21.
Ne2 Bd3 22. Bf4 Bc5+ 23. Nd4 Rxd5 24. b4 Bxd4+ 25. cxd4 Rxd4 26. Be3 Rd5 27.
Rc1 Re8 28. a5 bxa5 29. bxa5 Rxa5 30. Bb6 cxb6 31. Rxd3 Ra2+ 32. Kg1 Ra1 33.
Rxa1 cxd3 34. Rd1 Re3 35. Kg2 Re2+ 36. Kf1 Rxh2 37. Rxd3 Rc2 38. Rd6 Kb7 {
bescientific resigns} 0-1

[Event "ICS rated blitz match"]
[Site "204.178.125.65"]
[Date "2000.11.23"]
[Round "?"]
[White "DaGilb"]
[Black "Hossa"]
[Result "0-1"]
[WhiteElo "1991"]
[BlackElo "2523"]
[PlyCount "46"]
[EventDate "2000.??.??"]

1. e4 e5 2. f4 exf4 3. Nf3 g5 4. h4 g4 5. Ne5 Nf6 6. d4 d6 7. Nd3 Nxe4 8. Bxf4
Qe7 9. Qe2 Nc6 10. c3 Bf5 11. Nd2 O-O-O 12. O-O-O Re8 13. g3 Qe6 14. Kb1 Nxc3+
15. bxc3 Qxe2 16. Bxe2 Rxe2 17. Kc2 Bg7 18. Rhe1 Rxe1 19. Rxe1 Bxd4 20. cxd4
Nb4+ 21. Kc3 Nxd3 22. Re7 Nxf4 23. gxf4 Be6 {DaGilb resigns} 0-1

[Event "ICS rated blitz match"]
[Site "204.178.125.65"]
[Date "2000.11.23"]
[Round "?"]
[White "Hossa"]
[Black "LrGenius"]
[Result "0-1"]
[WhiteElo "2524"]
[BlackElo "2182"]
[PlyCount "144"]
[EventDate "2000.??.??"]

1. e4 e6 2. Nf3 d5 3. exd5 exd5 4. Bb5+ c6 5. Bd3 Bd6 6. O-O Ne7 7. Be2 O-O 8.
d4 Bg4 9. Re1 Nd7 10. Ne5 Bxe2 11. Qxe2 Nf6 12. Bf4 Nf5 13. Qd3 Ne4 14. Nd2 f6
15. Nxe4 dxe4 16. Qc4+ Kh8 17. Rad1 Qc7 18. Rxe4 fxe5 19. dxe5 Be7 20. Re2 Rad8
21. Rdd2 Rxd2 22. Bxd2 Rd8 23. c3 Rd5 24. Qe4 g6 25. c4 Rd4 26. Qc2 Qd7 27. e6
Qd6 28. b3 Kg8 29. Qc3 c5 30. Qa5 b6 31. Qc3 Rd3 32. Qc2 Rd4 33. Qc3 Bf6 34. g3
Ne7 35. Qc2 Kf8 36. a3 Rd3 37. Bh6+ Ke8 38. Bd2 Qd4 39. a4 Nf5 40. Kf1 Qd6 41.
Kg1 Ke7 42. Bf4 Qd8 43. Re1 Qd4 44. g4 Nh4 45. Kf1 Nf3 46. g5 Bxg5 47. Bxg5+
Nxg5 48. Qe2 Nf3 49. Rc1 Nxh2+ 50. Kg2 Qg4+ 51. Qxg4 Nxg4 52. Rh1 h5 53. Re1
Rd2 54. Kg3 Rxf2 55. Kh4 Rf6 56. Kg5 Rxe6 57. Rxe6+ Kxe6 58. a5 bxa5 59. Kf4
Kf6 60. Ke4 g5 61. Kd5 h4 62. Ke4 h3 63. Kf3 h2 64. Kg2 Kf5 65. Kh1 Kf4 66. Kg2
a6 67. b4 axb4 68. Kh1 b3 69. Kg2 b2 70. Kf1 b1=Q+ 71. Ke2 h1=Q 72. Kd2 Qhe1# {
Hossa checkmated} 0-1

[Event "ICS rated blitz match"]
[Site "204.178.125.65"]
[Date "2000.11.23"]
[Round "?"]
[White "GSG"]
[Black "Hossa"]
[Result "0-1"]
[WhiteElo "2177"]
[BlackElo "2496"]
[PlyCount "24"]
[EventDate "2000.??.??"]

1. e4 e6 2. d4 d5 3. e5 c5 4. f4 Nc6 5. c3 Nh6 6. Nf3 Qb6 7. Bd3 cxd4 8. cxd4
Bd7 9. Be3 Qxb2 10. Nbd2 Nb4 11. Nb3 Ng4 12. Bc1 Qf2# {GSG checkmated} 0-1

[Event "ICS rated blitz match"]
[Site "204.178.125.65"]
[Date "2000.11.23"]
[Round "?"]
[White "GSG"]
[Black "Hossa"]
[Result "0-1"]
[WhiteElo "2260"]
[BlackElo "2517"]
[PlyCount "82"]
[EventDate "2000.??.??"]

1. e4 c5 2. Nf3 g6 3. g3 Bg7 4. Bg2 Nf6 5. d3 d5 6. e5 Ng4 7. Qe2 Nc6 8. Bf4 h6
9. h3 g5 10. hxg4 gxf4 11. gxf4 Bxg4 12. c3 Qd7 13. Nbd2 Qf5 14. Qe3 d4 15. Qe4
Qd7 16. c4 Nb4 17. a3 Nc2+ 18. Ke2 Nxa1 19. Rxa1 Bf5 20. Qd5 Qxd5 21. cxd5 Rc8
22. Rc1 Rg8 23. Nh4 Bg4+ 24. Bf3 Bf8 25. Ne4 b6 26. d6 Be6 27. f5 Bd5 28. dxe7
Bxe7 29. f6 Bf8 30. Nf5 Kd7 31. Nd2 Be6 32. Be4 Rg5 33. Nf3 Rxf5 34. Bxf5 Bxf5
35. b4 Bg4 36. bxc5 Re8 37. cxb6 Rxe5+ 38. Kd2 Bxf3 39. Rc7+ Ke6 40. bxa7 Bxa3
41. Kc2 Rc5+ {GSG resigns} 0-1

[Event "ICS rated blitz match"]
[Site "204.178.125.65"]
[Date "2000.11.23"]
[Round "?"]
[White "Hossa"]
[Black "Yace"]
[Result "1/2-1/2"]
[WhiteElo "2523"]
[BlackElo "2754"]
[PlyCount "171"]
[EventDate "2000.??.??"]

1. e4 e5 2. Nf3 Nf6 3. Nxe5 d6 4. Nf3 Nxe4 5. d3 Nf6 6. d4 d5 7. Bd3 Bd6 8. O-O
O-O 9. Bg5 Bg4 10. Re1 Nbd7 11. h3 Bxf3 12. Qxf3 c6 13. Nd2 Qb6 14. Nb3 a5 15.
a4 Rfe8 16. Rab1 Bb4 17. Re3 Rxe3 18. Bxe3 Re8 19. Qf5 g6 20. Qf3 Ne4 21. Bh6
Ndf6 22. g3 Be7 23. Ra1 Qb4 24. Qf4 Bd6 25. Qc1 Bc7 26. Qe1 Qb6 27. Qd1 Be5 28.
c3 Bd6 29. Qc2 Qd8 30. Re1 Qc7 31. Re3 Qd7 32. Bf1 Kh8 33. Nd2 b6 34. Nxe4 Nxe4
35. Bg2 f5 36. Qb3 Bc7 37. Qc2 Re6 38. Re2 Bd6 39. b3 Qe7 40. Qc1 b5 41. axb5
cxb5 42. Re1 a4 43. c4 Ba3 44. Qa1 Bb4 45. cxd5 Bxe1 46. dxe6 Bxf2+ 47. Kf1
Bxg3 48. Bxe4 fxe4 49. d5+ Kg8 50. bxa4 bxa4 51. Kg2 Bd6 52. Qxa4 Qd8 53. Qxe4
Qb8 54. Qd4 Qb7 55. Kf2 Qc7 56. Kf3 Qb7 57. Qc4 Qb8 58. Be3 Qf8+ 59. Kg2 Qb8
60. Qa2 Qb4 61. Qc2 Kg7 62. Bd2 Qb5 63. Qc3+ Kg8 64. Qf3 Qb2 65. Qf7+ Kh8 66.
Qe8+ Kg7 67. Qd7+ Kg8 68. Qc8+ Bf8 69. Qc3 Qa2 70. Qa5 Qc4 71. Be3 Qe4+ 72. Kf2
Qh4+ 73. Ke2 Qc4+ 74. Kf3 Qf1+ 75. Ke4 Qb1+ 76. Kf4 Bd6+ 77. Kf3 Qf1+ 78. Bf2
Qxh3+ 79. Ke2 Qg4+ 80. Kd3 Qf5+ 81. Ke3 Qf4+ 82. Ke2 Qg4+ 83. Kd3 Qf5+ 84. Ke3
Qf4+ 85. Ke2 Qg4+ 86. Kd3 {Game drawn by repetition} 1/2-1/2

[Event "ICS rated blitz match"]
[Site "204.178.125.65"]
[Date "2000.11.23"]
[Round "?"]
[White "Hossa"]
[Black "gocasmu"]
[Result "1-0"]
[WhiteElo "2533"]
[BlackElo "1924"]
[PlyCount "75"]
[EventDate "2000.??.??"]

1. e4 c5 2. Nf3 d6 3. d4 cxd4 4. Nxd4 Nf6 5. Nc3 g6 6. Be3 Bg7 7. f3 O-O 8. Bc4
Nc6 9. Bb3 Bd7 10. Nde2 Rc8 11. Nf4 Qa5 12. O-O Ne5 13. Qe2 a6 14. Nfd5 Nxd5
15. Nxd5 Rfe8 16. Bb6 Qb5 17. Qf2 Nc4 18. a4 Qc6 19. a5 Bxb2 20. Ra2 Be5 21. f4
Bg7 22. Ba4 Qxa4 23. Rxa4 Bxa4 24. Nc7 Rf8 25. f5 Bc6 26. Nd5 Rfe8 27. fxg6
fxg6 28. Qf7+ Kh8 29. Nxe7 Nxb6 30. axb6 Rf8 31. Nxc8 Rxf7 32. Rxf7 Bxe4 33.
Nxd6 Bxc2 34. Rxb7 Bd4+ 35. Kh1 a5 36. Rb8+ Kg7 37. b7 Ba7 38. Ra8 {
gocasmu resigns} 1-0

[Event "ICS rated blitz match"]
[Site "204.178.125.65"]
[Date "2000.11.23"]
[Round "?"]
[White "Hossa"]
[Black "Osya"]
[Result "1-0"]
[WhiteElo "2534"]
[BlackElo "1916"]
[PlyCount "53"]
[EventDate "2000.??.??"]

1. e4 e5 2. Nf3 Nc6 3. Bb5 a6 4. Ba4 Nf6 5. O-O Nxe4 6. d4 b5 7. Bb3 d5 8. dxe5
Be6 9. Nbd2 Nc5 10. c3 d4 11. Bxe6 Nxe6 12. cxd4 Ncxd4 13. a4 Rb8 14. axb5 axb5
15. Ne4 Be7 16. Be3 Nf5 17. Ba7 Rc8 18. Qe2 O-O 19. Qxb5 Nfd4 20. Nxd4 Nxd4 21.
Qc4 c5 22. Bxc5 Bxc5 23. Nxc5 Nf3+ 24. gxf3 Qg5+ 25. Kh1 Qxe5 26. b4 Qf5 27.
Qe4 {Osya resigns} 1-0

[Event "ICS rated standard match"]
[Site "204.178.125.65"]
[Date "2000.11.23"]
[Round "?"]
[White "Alessandro"]
[Black "Hossa"]
[Result "0-1"]
[WhiteElo "2238"]
[BlackElo "2243"]
[PlyCount "44"]
[EventDate "2000.??.??"]

1. e4 e5 2. Nf3 Nc6 3. Bb5 a6 4. Bxc6 dxc6 5. O-O f6 6. b3 Bd6 7. d4 Bg4 8.
dxe5 fxe5 9. Bb2 Qe7 10. h3 Bh5 11. Qe2 Nf6 12. Nbd2 O-O 13. Rad1 Nd7 14. Kh2
Rad8 15. a4 b5 16. axb5 axb5 17. c4 b4 18. Qd3 Nc5 19. Qe3 Rf4 20. Qe2 Rdf8 21.
Ba1 Bxf3 22. Nxf3 Nxb3 {Alessandro resigns} 0-1

[Event "ICS rated blitz match"]
[Site "204.178.125.65"]
[Date "2000.11.23"]
[Round "?"]
[White "PostModernist"]
[Black "Hossa"]
[Result "1/2-1/2"]
[WhiteElo "2554"]
[BlackElo "2535"]
[PlyCount "202"]
[EventDate "2000.??.??"]

1. d4 Nf6 2. c4 g6 3. g3 Bg7 4. Nf3 d5 5. cxd5 Nxd5 6. Bg2 Nb6 7. O-O Nc6 8.
Nc3 Nxd4 9. Nxd4 Qxd4 10. Nb5 Qc5 11. a4 Nxa4 12. Qxa4 Bd7 13. Bxb7 Bxb5 14.
Be3 Bxa4 15. Bxc5 Rb8 16. Bg2 Bd7 17. Rxa7 Bxb2 18. Rb1 O-O 19. Rxc7 Bd4 20.
Rd1 Bxc5 21. Rxc5 Bg4 22. f3 Be6 23. Rc7 Rfe8 24. Ra1 Kg7 25. Raa7 Kf6 26. f4
Rb2 27. Bf3 h6 28. h4 Rb1+ 29. Kh2 Rb2 30. g4 g5 31. fxg5+ hxg5 32. h5 Rb4 33.
Kg3 Rb1 34. Ra5 Rg1+ 35. Kf2 Rd1 36. Rcc5 Rg8 37. Kg3 Rg1+ 38. Kh3 Rd1 39. Be4
Rd4 40. Bf5 Bb3 41. Bh7 Rh8 42. Bd3 e6 43. Rxg5 Bd5 44. Kh4 Be4 45. Bxe4 Rxe4
46. Ra2 Ke7 47. Rb2 f5 48. Kg3 fxg4 49. Kh4 g3+ 50. Kxg3 Kf6 51. Rg6+ Ke7 52.
Rb7+ Kd6 53. Rb6+ Kc5 54. Kf3 Re5 55. Rgxe6 Rxe6 56. Rxe6 Rxh5 57. e4 Rh3+ 58.
Kf4 Rh4+ 59. Ke3 Rh3+ 60. Kf2 Rh2+ 61. Kg3 Rh1 62. e5 Rg1+ 63. Kf4 Rf1+ 64. Ke4
Re1+ 65. Kf5 Rf1+ 66. Kg6 Rg1+ 67. Kf6 Rf1+ 68. Kg7 Kd5 69. Re8 Rg1+ 70. Kf7
Rf1+ 71. Kg6 Ke4 72. Re7 Rg1+ 73. Kf6 Rf1+ 74. Ke6 Rh1 75. Kd7 Rd1+ 76. Kc7
Rc1+ 77. Kd7 Rd1+ 78. Ke8 Rf1 79. e6 Ke5 80. Rf7 Rh1 81. Kd7 Rd1+ 82. Ke7 Rb1
83. Kd7 Rd1+ 84. Ke7 Rb1 85. Rf8 Rb7+ 86. Kd8 Kxe6 87. Rf4 Kd6 88. Kc8 Re7 89.
Rg4 Ke6 90. Rg3 Kf6 91. Kd8 Rf7 92. Kc8 Ke7 93. Rg8 Kf6 94. Rg4 Ke7 95. Kb8 Kf6
96. Rg3 Ke7 97. Ka7 Kf6+ 98. Ka8 Ke7 99. Ka7 Kf6+ 100. Ka8 Ke7 101. Ka7 Kf6+ {
Game drawn by repetition} 1/2-1/2

[Event "ICS rated blitz match"]
[Site "204.178.125.65"]
[Date "2000.11.23"]
[Round "?"]
[White "PostModernist"]
[Black "Hossa"]
[Result "1-0"]
[WhiteElo "2565"]
[BlackElo "2536"]
[PlyCount "131"]
[EventDate "2000.??.??"]

1. e4 e5 2. Bc4 Nf6 3. d3 Nc6 4. Nf3 Be7 5. O-O O-O 6. Re1 d6 7. a4 Be6 8. Nbd2
Nd7 9. Bxe6 fxe6 10. Nf1 Qe8 11. Be3 Qf7 12. Ng3 d5 13. c3 a5 14. Qb3 Rab8 15.
Qc2 Rbc8 16. Rad1 Bf6 17. Qe2 d4 18. Bg5 Ra8 19. Bxf6 Qxf6 20. Rc1 Rac8 21.
Red1 Rf7 22. Qf1 Nb6 23. Ra1 Rcf8 24. Re1 Qf4 25. h3 Nd7 26. Rac1 Qf6 27. Red1
Nb6 28. Ra1 Nc8 29. Rdc1 Qh6 30. b4 dxc3 31. Rxc3 axb4 32. Rc2 Qf6 33. Rb1 Qe7
34. Rbc1 Qd6 35. Rb2 Nd4 36. Ng5 Rf6 37. h4 h6 38. Nh3 Nb6 39. Ra1 c5 40. a5
Nc8 41. Kh2 Na7 42. Qd1 Nab5 43. Nh5 R6f7 44. Qg4 Nc6 45. Qg6 Qd4 46. Rbb1 Nc3
47. Rc1 Qxd3 48. f3 Nd4 49. Rf1 Nc2 50. Rac1 Qd2 51. Rg1 Nd4 52. Rcf1 Nce2 53.
Rf2 Ra8 54. Rgf1 Rxa5 55. f4 Ra3 56. fxe5 Rxh3+ 57. Kxh3 Qe3+ 58. Kh2 Nf5 59.
Ra1 Qa3 60. Rxa3 bxa3 61. exf5 Nf4 62. Rxf4 a2 63. fxe6 Re7 64. Nf6+ Kf8 65.
Nh7+ Kg8 66. Rf8# {Hossa checkmated} 1-0

[Event "ICS rated bullet match"]
[Site "204.178.125.65"]
[Date "2000.11.23"]
[Round "?"]
[White "restlessmouse"]
[Black "Hossa"]
[Result "0-1"]
[WhiteElo "1964"]
[BlackElo "2567"]
[PlyCount "68"]
[EventDate "2000.??.??"]

1. d4 Nf6 2. e3 g6 3. Bd3 Bg7 4. Nf3 d5 5. O-O O-O 6. c4 dxc4 7. Bxc4 Bf5 8.
Bd3 Bxd3 9. Qxd3 Na6 10. Nbd2 Qd6 11. a3 c5 12. Qe2 Rfd8 13. dxc5 Nxc5 14. b4
Qd3 15. Qxd3 Nxd3 16. Nb3 Ne4 17. Nfd4 Rac8 18. f3 Bh6 19. fxe4 Nxc1 20. Nxc1
Bxe3+ 21. Kh1 Rxd4 22. Ne2 Rxe4 23. Ng3 Rh4 24. Rfe1 Bf2 25. Rec1 Rxc1+ 26.
Rxc1 Bxg3 27. Rc8+ Kg7 28. h3 Rd4 29. Rc1 Rd2 30. Kg1 Ra2 31. a4 Rxa4 32. Kf1
Rxb4 33. Ra1 Re4 34. Ra3 Re1# {restlessmouse checkmated} 0-1

[Event "ICS rated bullet match"]
[Site "204.178.125.65"]
[Date "2000.11.23"]
[Round "?"]
[White "Hossa"]
[Black "restlessmouse"]
[Result "1-0"]
[WhiteElo "2568"]
[BlackElo "1963"]
[PlyCount "21"]
[EventDate "2000.??.??"]

1. e4 e6 2. d4 c5 3. d5 exd5 4. exd5 d6 5. Nc3 Nf6 6. Nf3 g6 7. Bb5+ Nfd7 8.
O-O a6 9. Re1+ Be7 10. Bg5 f6 11. Bxf6 {restlessmouse resigns} 1-0

[Event "ICS rated blitz match"]
[Site "204.178.125.65"]
[Date "2000.11.23"]
[Round "?"]
[White "Hossa"]
[Black "Artemus-Z"]
[Result "0-1"]
[WhiteElo "2521"]
[BlackElo "2543"]
[PlyCount "122"]
[EventDate "2000.??.??"]

1. e4 e5 2. Bc4 Nf6 3. d3 Nc6 4. Nf3 Be7 5. O-O O-O 6. Re1 d6 7. a4 h6 8. Nc3
Na5 9. Ba2 Bg4 10. Be3 Re8 11. h3 Bh5 12. Nd5 Nxd5 13. exd5 c5 14. Bd2 Qc7 15.
Qe2 Bg6 16. Rf1 Bf6 17. Qe1 e4 18. Bxa5 b6 19. dxe4 Bxe4 20. Qd1 bxa5 21. Rb1
c4 22. Re1 Qc5 23. Qe2 Bxd5 24. Qxe8+ Rxe8 25. Rxe8+ Kh7 26. c3 Qc6 27. Rbe1
Bxf3 28. Bb1+ g6 29. gxf3 Qxa4 30. R8e2 Qb5 31. f4 a4 32. Rd2 Kg7 33. Red1 Qb3
34. f5 g5 35. Be4 a3 36. bxa3 Qxc3 37. Rxd6 Qxh3 38. Rd7 Qg4+ 39. Bg2 c3 40.
Re1 Qxf5 41. Rd5 Qg4 42. Re4 Qc8 43. Rd1 c2 44. Rc1 Bb2 45. Rf1 Bxa3 46. Ra4
Qc5 47. Ra6 c1=Q 48. Rxc1 Qxc1+ 49. Bf1 Bc5 50. Ra2 g4 51. Kg2 Qf4 52. Kg1 g3
53. Bb5 Bxf2+ 54. Kg2 Qe4+ 55. Kh3 Qh1+ 56. Kg4 g2 57. Ra1 Qxa1 58. Kf5 g1=Q
59. Bd7 Qg6+ 60. Kf4 Qaf6+ 61. Bf5 Qfxf5# {Hossa checkmated} 0-1

[Event "ICS rated bullet match"]
[Site "204.178.125.65"]
[Date "2000.11.23"]
[Round "?"]
[White "Hossa"]
[Black "Beckz"]
[Result "1-0"]
[WhiteElo "2569"]
[BlackElo "2253"]
[PlyCount "55"]
[EventDate "2000.??.??"]

1. d4 e6 2. e3 Nf6 3. Bd3 b6 4. Ne2 Bb7 5. f3 d5 6. c4 c5 7. cxd5 exd5 8. Nbc3
Nc6 9. Bd2 Be7 10. dxc5 bxc5 11. O-O O-O 12. Ng3 c4 13. Bf5 Bc5 14. Na4 Bd6 15.
Bc3 Re8 16. Qd2 g6 17. Bc2 Nd7 18. Qxd5 Nb6 19. Nxb6 axb6 20. Ne4 Bf8 21. Nf6+
Qxf6 22. Bxf6 Na5 23. Qd7 Bc6 24. Qc7 Bc5 25. Bd4 Rac8 26. Qf4 Bf8 27. Qf6 Bd6
28. Qg7# {Beckz checkmated} 1-0

[Event "ICS rated bullet match"]
[Site "204.178.125.65"]
[Date "2000.11.23"]
[Round "?"]
[White "Beckz"]
[Black "Hossa"]
[Result "0-1"]
[WhiteElo "2249"]
[BlackElo "2573"]
[PlyCount "58"]
[EventDate "2000.??.??"]

1. e4 e5 2. Nc3 Nc6 3. Nf3 Nf6 4. d4 exd4 5. Nxd4 Bb4 6. Nxc6 bxc6 7. Bd3 O-O
8. O-O d5 9. exd5 cxd5 10. Bg5 Be6 11. Qf3 Bxc3 12. bxc3 Rb8 13. Rae1 Rb2 14.
Qg3 Rxa2 15. Re5 Ra4 16. h3 c5 17. f4 Ra2 18. f5 Bc8 19. Rf4 c4 20. Be2 Qb6+
21. Kh2 Ne4 22. Rexe4 dxe4 23. f6 Ra1 24. Qh4 Qg1+ 25. Kg3 Qe3+ 26. Bf3 Qe1+
27. Kh2 Qg1+ 28. Kg3 exf3 29. Bh6 Qxg2# {Beckz checkmated} 0-1

[Event "ICS rated bullet match"]
[Site "204.178.125.65"]
[Date "2000.11.23"]
[Round "?"]
[White "Beckz"]
[Black "Hossa"]
[Result "0-1"]
[WhiteElo "2241"]
[BlackElo "2581"]
[PlyCount "34"]
[EventDate "2000.??.??"]

1. e4 e5 2. Nc3 Nc6 3. f4 exf4 4. Nf3 g5 5. h4 g4 6. Bc4 gxf3 7. Bxf7+ Kxf7 8.
O-O Bc5+ 9. d4 Bxd4+ 10. Rf2 Bxf2+ 11. Kxf2 Qxh4+ 12. Kxf3 Qg3+ 13. Ke2 Qxg2+
14. Kd3 Ne5+ 15. Kd4 Qf2+ 16. Kxe5 d6+ 17. Kd5 Be6# {Beckz checkmated} 0-1